Letní válka /
Dokáže mladá čarodějka zrušit kletbu, kterou omylem uvalila na vlastního bratra? Celia objeví svoji magii tím nejhorším možným způsobem. Když její milovaný bratr Argent odchází z domova, je Celia vyděšená a naštvaná, že ji opouští. Vylije si na bratrovi zlost, avšak netuš...
Uloženo v:
| Hlavní autor: | |
|---|---|
| Médium: | E-kniha |
| Jazyk: | Czech |
| Vydáno: |
Praha :
HOST - vydavatelství, s.r.o.,
2026
|
| Tagy: |
Žádné tagy |
| LEADER | 02519nam a22002297i 4500 | ||
|---|---|---|---|
| 001 | 304688 | ||
| 007 | ta | ||
| 008 | 260528s2026 xr ||||| |||| 00| 0 cze d | ||
| 020 | |a 9788027528707 | ||
| 044 | |a xr | ||
| 100 | 1 | |a Noviková, Naomi |4 aut | |
| 245 | 1 | 0 | |a Letní válka / |c Noviková, Naomi |
| 240 | 1 | 0 | |a The Summer War |
| 264 | 1 | |a Praha : |b HOST - vydavatelství, s.r.o., |c 2026 | |
| 300 | |a 1 online zdroj (104 stran) | ||
| 336 | |a text |b txt |2 rdacontent | ||
| 337 | |a bez média |b n |2 rdamedia | ||
| 338 | |a online zdroj |b cr |2 rdacarrier | ||
| 520 | 2 | |a Dokáže mladá čarodějka zrušit kletbu, kterou omylem uvalila na vlastního bratra? Celia objeví svoji magii tím nejhorším možným způsobem. Když její milovaný bratr Argent odchází z domova, je Celia vyděšená a naštvaná, že ji opouští. Vylije si na bratrovi zlost, avšak netuší, že její dětinská, zlobou naplněná slova mají moc, kterou ho odsoudí k životu bez lásky. Zatímco Argent putuje po světě a je nucen hledat pouze slávu a věhlas místo lásky a sounáležitosti, po nichž skutečně touží, Celia se snaží zrušit kletbu, kterou na něj uvrhla. Nemůže najít řešení až do chvíle, kdy se dozví pravdu o stoleté válce mezi jejím lidem a nesmrtelnými bytostmi, které chovají neúprosnou zášť vůči svým smrtelným sousedům. ––– Postavy Naomi Novikové působí přesvědčivě a morální rozhodnutí, s nimiž se potýkají, jsou skutečně obtížná.— Locus Magazine Rozečíst znamená v tomto případě s jistotou dočíst. Pauzy si budete dělat jen s největším sebezapřením a knize klidně obětujete i drahocenný spánek.— Tvar o románu Smrtící vzdělání Fanoušci Novikové budou potěšeni rafinovanými zvraty v ději i sladkou queer romantickou zápletkou. Tato překvapivě něžná óda na lásku všech druhů je opravdovým čtenářským zážitkem.— Publishers Weekly | |
| 910 | |a RBIT002 | ||
| 998 | |d 427450 |a https://core.palmknihy.cz/api/books/427450/cover?tfoxht |b https://core.palmknihy.cz/api/books/427450/cover/400?tfoxht |c https://core.palmknihy.cz/api/books/427450/cover/50?tfoxht |e 2030-02-04 |g 104 |i 9788027528707 |j https://core.palmknihy.cz/api/books/427450/preview.epub |k https://core.palmknihy.cz/api/books/427450/preview.pdf |l |q 49 |r 1 |s https://www.palmknihy.cz/kniha/427450 |t ebook |y 2026 |z 1 | ||
| 999 | |d 304686 | ||